000 00535nam a2200193 a 4500
001 1774865108304
003 YourLibrary
005 20260330153908.0
008 260330s2001##################000#0#eng##
020 _a9780231122825
082 0 4 _a361.30711747
_bFEL
100 1 _aFeldman, Ronald A.,
_eauthor.
245 1 0 _aThe Columbia University School of Social Work :
260 _bColumbia University Press,
_c2001.
300 _a460 pages
650 0 _aEducation.
942 _cENGLISH
040 _aYourLibrary
_beng
_cYourLibrary
999 _c618432
_d618432